000 01264cam a22003135a 4500
001 L158449
008 150303s xxk f 000 0 eng d
035 _a(Sirsi) u158449
041 0 _aeng
100 1 _aChristie & Co
245 0 0 _aBusiness outlook 2015
_bInsight is foresight
_h[electronic resource]
260 _a[S.l.]
_bChristie & CO
_c[2015]
520 _aHighlights the risks, uncertain certainaties and opportunities in 2015 for the commercial property market both in the UK and globally. Provides sector commentaries and detailed case studies of examples of sales for hotels, restaurants, pubs, leisure, care, pharmacies, dental practices and doctors' surgeries, childcare and retail. Lists recent deals in these sectors.
590 _aKA
650 2 4 _aHOTELS
650 2 4 _aRESTAURANTS
650 2 4 _aPUBS
650 2 4 _aLEISURE
650 2 4 _aCARE HOMES
650 2 4 _aPHARMACIES
650 2 4 _aDENTAL PRACTICES
650 2 4 _aDOCTORS' SURGERIES
650 _aCHILDCARE
650 2 4 _aRETAIL
651 4 _aUnited Kingdom
_y
690 _aCommercial property
_96227
856 4 0 _uhttps://www.christiebusinessoutlook.com/docs/Christie_Co_Full.pdf
_zView the item free of charge from the www.christiebusinessoutlook.com website.
942 _n0
999 _c115313
_d115313